[Event "GER-chT Schools WK II"]
[Site "Verden an der Aller"]
[Date "2011.05.14"]
[Round "3.3"]
[White "Krause, Johann"]
[Black "Boege, Julian"]
[Result "1/2-1/2"]
[WhiteElo "1608"]
[BlackElo "1532"]
[PlyCount "45"]
[EventDate "2011.05.14"]
[EventType "team-swiss"]
[EventRounds "7"]
[EventCountry "GER"]
[SourceTitle "EXT 2022"]
[Source "ChessBase"]
[SourceDate "2021.10.06"]
[SourceVersion "1"]
[SourceVersionDate "2021.10.06"]
[SourceQuality "1"]
[WhiteTeam "Koeln Porz Stadt Gymn U17"]
[BlackTeam "Elmshorn Bismarckschule U17"]
[WhiteTeamCountry "GER"]
[BlackTeamCountry "GER"]

1. e3 e5 2. b3 Nc6 3. Bb2 Nf6 4. Nf3 d6 5. d4 exd4 6. Nxd4 Nxd4 7. Bxd4 Be7 8. Be2 0-0 9. Nd2 Bf5 10. Bf3 d5 11. 0-0 c5 12. Bb2 Qc7 13. c4 Rfd8 14. Qc1 d4 15. exd4 cxd4 16. Re1 Rac8 17. Ba3 Bd6 18. Bxd6 Rxd6 19. Qa3 b6 20. Ne4 Bxe4 21. Bxe4 Re6 22. Bf5 Rxe1+ 23. Rxe1 1/2-1/2

[Event "GER-chT Schools WK II"]
[Site "Verden an der Aller"]
[Date "2011.05.14"]
[Round "2.3"]
[White "Krause, Johann"]
[Black "Hansen, Oliver"]
[Result "1-0"]
[WhiteElo "1608"]
[BlackElo "1538"]
[PlyCount "74"]
[EventDate "2011.05.14"]
[EventType "team-swiss"]
[EventRounds "7"]
[EventCountry "GER"]
[SourceTitle "EXT 2022"]
[Source "ChessBase"]
[SourceDate "2021.10.06"]
[SourceVersion "1"]
[SourceVersionDate "2021.10.06"]
[SourceQuality "1"]
[WhiteTeam "Koeln Porz Stadt Gymn U17"]
[BlackTeam "Freiburg Deutsch Franz Gymn U17"]
[WhiteTeamCountry "GER"]
[BlackTeamCountry "GER"]

1. e3 d5 2. c4 c6 3. Nc3 Nf6 4. cxd5 cxd5 5. Nf3 Nc6 6. Qb3 e6 7. Bb5 Bd7 8. Bxc6 Bxc6 9. Ne5 Qc7 10. d4 Bd6 11. f4 a6 12. 0-0 Nd7 13. Qd1 Nxe5 14. fxe5 Be7 15. Bd2 0-0 16. Qg4 Qb6 17. b3 Bd7 18. Rf3 f5 19. Qg3 Qd8 20. Raf1 Bh4 21. Qh3 Qg5 22. g3 Bxg3 23. Rxg3 Qe7 24. Kh1 g5 25. Qh6 g4 26. h3 Kh8 27. Ne2 Bb5 28. Nf4 Rg8 29. Rfg1 Rg5 30. Qxe6 Qxe6 31. Nxe6 Rh5 32. Nf4 Rh6 33. a4 Be2 34. Kg2 gxh3+ 35. Rxh3 Rg8+ 36. Kf2 Rb6 37. Rxg8+ Kxg8 1-0

[Event "GER-chT U16"]
[Site "Verden an der Aller"]
[Date "2009.12.28"]
[Round "4.3"]
[White "Krause, Johann"]
[Black "Ahlswede, Christian"]
[Result "0-1"]
[WhiteElo "1507"]
[BlackElo "1437"]
[PlyCount "66"]
[EventDate "2009.12.27"]
[EventType "team-swiss"]
[EventRounds "7"]
[EventCountry "GER"]
[SourceTitle "EXT 2022"]
[Source "ChessBase"]
[SourceDate "2021.10.06"]
[SourceVersion "1"]
[SourceVersionDate "2021.10.06"]
[SourceQuality "1"]
[WhiteTeam "Porz SG U16"]
[BlackTeam "Wilkau Hasslau Muldental U16"]
[WhiteTeamCountry "GER"]
[BlackTeamCountry "GER"]

1. e3 c5 2. b3 Nc6 3. Bb2 e6 4. Nf3 Nf6 5. Be2 Be7 6. c4 0-0 7. 0-0 d5 8. d4 b6 9. Nc3 a5 10. cxd5 exd5 11. dxc5 bxc5 12. Na4 Ne4 13. Ne5 Nxe5 14. Bxe5 f6 15. Bb2 Bb7 16. f3 Ng5 17. Ba3 Ne6 18. Rc1 Rc8 19. Nc3 Kh8 20. Nb5 Ba6 21. Nc3 Bxe2 22. Qxe2 d4 23. Rfd1 Re8 24. Qc4 Bf8 25. Ne2 Qd7 26. Bb2 Qa7 27. exd4 cxd4 28. Qd5 Rcd8 29. Qc4 d3+ 30. Nd4 Nxd4 31. Bxd4 Qxd4+ 32. Qxd4 Rxd4 33. Rc3 d2 0-1

[Event "GER-chT U16"]
[Site "Bingen"]
[Date "2008.12.29"]
[Round "6.3"]
[White "Krause, Johann"]
[Black "Wilhelm, Robin"]
[Result "0-1"]
[WhiteElo "1463"]
[BlackElo "1416"]
[PlyCount "106"]
[EventDate "2008.12.27"]
[EventType "team-swiss"]
[EventRounds "7"]
[EventCountry "GER"]
[SourceTitle "EXT 2010"]
[Source "ChessBase"]
[SourceDate "2010.11.25"]
[SourceVersion "1"]
[SourceVersionDate "2010.11.25"]
[SourceQuality "1"]
[WhiteTeam "Porz SG U16"]
[BlackTeam "Heusweiler SC Reti U16"]
[WhiteTeamCountry "GER"]
[BlackTeamCountry "GER"]

1. e4 c5 2. Nf3 Nc6 3. Nc3 g6 4. b3 Bg7 5. Bb2 d6 6. Na4 Nf6 7. e5 dxe5 8. Nxe5 Nxe5 9. Bxe5 b6 10. Qf3 Be6 11. Bb5+ Kf8 12. c4 Nd7 13. Bxg7+ Kxg7 14. 0-0 Nf6 15. Qc3 Qd6 16. Ba6 Rad8 17. Rad1 Qd4 18. Bb7 Rd7 19. Qxd4 Rxd4 20. Rfe1 Rhd8 21. Re2 Kf8 22. Nc3 Bf5 23. Nb5 Rd3 24. Kf1 a6 25. Na3 R3d7 26. Bf3 Bd3 27. Ke1 Bxe2 28. Kxe2 e5 29. g3 e4 30. Bg2 Re7 31. Bh3 Nd7 32. Bxd7 Rexd7 33. Nc2 f5 34. Ne3 b5 35. h4 Rf7 36. Ng2 bxc4 37. bxc4 Rb7 38. Nf4 Kf7 39. Nd5 Rb2 40. a4 Rc2 41. Rb1 Rd7 42. Rd1 Rb7 43. Nc3 Rb4 44. Rb1 Rxb1 45. Nxb1 Rxc4 46. Nc3 Ke6 47. Ke3 Ke5 48. f4+ exf3 49. Kxf3 h6 50. Ke3 g5 51. hxg5 hxg5 52. a5 Rxc3+ 53. dxc3 f4+ 0-1

[Event "GER-chT U16"]
[Site "Bingen"]
[Date "2008.12.28"]
[Round "4.3"]
[White "Rempeli, Alexander"]
[Black "Krause, Johann"]
[Result "1-0"]
[WhiteElo "1713"]
[BlackElo "1463"]
[PlyCount "85"]
[EventDate "2008.12.27"]
[EventType "team-swiss"]
[EventRounds "7"]
[EventCountry "GER"]
[SourceTitle "EXT 2010"]
[Source "ChessBase"]
[SourceDate "2010.11.25"]
[SourceVersion "1"]
[SourceVersionDate "2010.11.25"]
[SourceQuality "1"]
[WhiteTeam "Deizisau U16"]
[BlackTeam "Porz SG U16"]
[WhiteTeamCountry "GER"]
[BlackTeamCountry "GER"]

1. d4 c6 2. c4 Nf6 3. Nc3 d5 4. e3 e6 5. Nf3 Bb4 6. Qc2 Qa5 7. Bd2 Nbd7 8. g4 Qc7 9. g5 Bxc3 10. Bxc3 Ne4 11. Bb4 Qb6 12. Ba3 Qa5+ 13. Nd2 Nxg5 14. 0-0-0 Nf6 15. f3 Nh5 16. f4 Ne4 17. Nxe4 dxe4 18. Qxe4 Nf6 19. Qc2 Bd7 20. Rg1 Rg8 21. Kb1 b5 22. Bd6 g6 23. e4 Qa4 24. b3 Qa6 25. c5 Qb7 26. Bh3 0-0-0 27. Rgf1 Rde8 28. Rf3 a5 29. Rc3 Qa6 30. Bg2 Kb7 31. Bf3 Ra8 32. Ka1 Ne8 33. Rc1 Nc7 34. d5 b4 35. Bxc7 bxc3 36. Be2 Qa7 37. Bb6 Qb8 38. d6 Qf8 39. Qxc3 Qg7 40. e5 a4 41. Qb4 Rgb8 42. Bc7+ Kc8 43. Ba6+ 1-0

[Event "GER-chT U16"]
[Site "Bingen"]
[Date "2008.12.27"]
[Round "2.3"]
[White "Krause, Johann"]
[Black "Gogol, Max"]
[Result "0-1"]
[WhiteElo "1463"]
[BlackElo "1643"]
[PlyCount "72"]
[EventDate "2008.12.27"]
[EventType "team-swiss"]
[EventRounds "7"]
[EventCountry "GER"]
[SourceTitle "EXT 2010"]
[Source "ChessBase"]
[SourceDate "2010.11.25"]
[SourceVersion "1"]
[SourceVersionDate "2010.11.25"]
[SourceQuality "1"]
[WhiteTeam "Porz SG U16"]
[BlackTeam "Kiel Meerbauer U16"]
[WhiteTeamCountry "GER"]
[BlackTeamCountry "GER"]

1. e3 Nf6 2. c4 g6 3. b3 Bg7 4. Bb2 0-0 5. Be2 d6 6. Bf3 e5 7. d3 Nbd7 8. Qc2 c6 9. Ba3 Qc7 10. Ne2 Ne8 11. d4 f5 12. g3 e4 13. Bg2 c5 14. Bb2 Nef6 15. Nf4 Nb6 16. d5 Qe7 17. Nc3 a6 18. h4 Ng4 19. h5 g5 20. Nfe2 Ne5 21. Nc1 g4 22. N3e2 Nd3+ 23. Nxd3 exd3 24. Qxd3 Bxb2 25. Rb1 Be5 26. Kd2 Nd7 27. Rbg1 Bg7 28. Nf4 Ne5 29. Qc2 Bh6 30. Ke2 Rb8 31. e4 fxe4 32. Qxe4 Bf5 33. Qe3 Qf6 34. Qc3 Nf3 35. Qxf6 Nxg1+ 36. Rxg1 Rxf6 0-1

[Event "GER-chT U12"]
[Site "Verden an der Aller"]
[Date "2007.12.30"]
[Round "7.1"]
[White "Krause, Johann"]
[Black "Urban, Lars"]
[Result "1/2-1/2"]
[WhiteElo "1333"]
[BlackElo "1657"]
[PlyCount "96"]
[EventDate "2007.12.27"]
[EventType "team-swiss"]
[EventRounds "7"]
[EventCountry "GER"]
[SourceTitle "EXT 2009"]
[Source "ChessBase"]
[SourceDate "2008.11.26"]
[SourceVersion "1"]
[SourceVersionDate "2008.11.26"]
[SourceQuality "1"]
[WhiteTeam "Porz SG U12"]
[BlackTeam "Erfurt Empor U12"]
[WhiteTeamCountry "GER"]
[BlackTeamCountry "GER"]

1. e3 e5 2. b3 d5 3. Bb2 Nc6 4. Bb5 Bd6 5. f4 Qh4+ 6. g3 Qe7 7. Nf3 f6 8. Qe2 exf4 9. gxf4 a6 10. Bxc6+ bxc6 11. Rg1 Qf7 12. Qg2 g6 13. Nc3 Ne7 14. 0-0-0 Bd7 15. e4 Bxf4 16. exd5 cxd5 17. Rde1 0-0 18. Re2 Bd6 19. Rge1 a5 20. Nd4 c6 21. Ne6 Rfe8 22. Na4 Rab8 23. Nac5 Bc8 24. Qf2 Nf5 25. Kd1 Bxe6 26. Nxe6 Re7 27. Nd4 Nxd4 28. Rxe7 Bxe7 29. Qxd4 c5 30. Qa4 g5 31. Qxa5 Kg7 32. Qc7 Re8 33. a4 Kh6 34. Qd7 c4 35. Qe6 Qh5+ 36. Qe2 Qf7 37. Ba3 cxb3 38. cxb3 d4 39. Qc4 Qg6 40. Bxe7 Rxe7 41. Rxe7 Qb1+ 42. Qc1 Qxb3+ 43. Qc2 Qf3+ 44. Kc1 Qh1+ 45. Qd1 Qc6+ 46. Qc2 Qh1+ 47. Qd1 Qc6+ 48. Qc2 Qh1+ 1/2-1/2

[Event "GER-chT U12"]
[Site "Verden an der Aller"]
[Date "2007.12.28"]
[Round "4.1"]
[White "Krause, Johann"]
[Black "Tran, Duc Cuong"]
[Result "0-1"]
[WhiteElo "1333"]
[BlackElo "1709"]
[PlyCount "124"]
[EventDate "2007.12.27"]
[EventType "team-swiss"]
[EventRounds "7"]
[EventCountry "GER"]
[SourceTitle "EXT 2009"]
[Source "ChessBase"]
[SourceDate "2008.11.26"]
[SourceVersion "1"]
[SourceVersionDate "2008.11.26"]
[SourceQuality "1"]
[WhiteTeam "Porz SG U12"]
[BlackTeam "Lippstadt Turm U12"]
[WhiteTeamCountry "GER"]
[BlackTeamCountry "GER"]

1. e4 c5 2. Nf3 Nc6 3. Nc3 d6 4. Bb5 a6 5. Bxc6+ bxc6 6. d3 e5 7. Ne2 g6 8. Ng3 Bg7 9. c3 Qb6 10. Qc2 Rb8 11. 0-0 Ne7 12. Ne1 0-0 13. Kh1 h6 14. f4 f5 15. b3 Kh7 16. Qd2 Be6 17. fxe5 dxe5 18. Bb2 c4 19. Ba3 Qc7 20. exf5 gxf5 21. bxc4 Rbd8 22. Nh5 Bh8 23. Bc1 Ng8 24. Nf3 f4 25. h3 Qd7 26. d4 Bxh3 27. Qd3+ Bf5 28. Qd2 Bg6 29. Nxf4 exf4 30. Nh4 Qg4 31. Nxg6 Kxg6 32. Rxf4 Rxf4 33. Qxf4 Qxf4 34. Bxf4 Nf6 35. Re1 Re8 36. Rxe8 Nxe8 37. Kg1 Nf6 38. Be5 Bg7 39. Bxf6 Bxf6 40. Kf2 Kf5 41. Kf3 Bg5 42. c5 h5 43. a4 h4 44. c4 Bd2 45. g3 hxg3 46. Kxg3 Ke4 47. d5 cxd5 48. cxd5 Kxd5 49. c6 Kxc6 50. Kf3 Kc5 51. Ke2 Bc3 52. Kd3 Bh8 53. Kc2 Kb4 54. Kb1 Kxa4 55. Ka2 Kb4 56. Kb1 Kb3 57. Kc1 a5 58. Kb1 a4 59. Kc1 a3 60. Kb1 a2+ 61. Kc1 a1Q+ 62. Kd2 Qc3+ 0-1